Convent Music and Politics in Eighteenth-Centruy Vienna
| Main Author: | |
|---|---|
| Format: | Book |
| Language: | English Italian German French |
| PhysicalDescription: | xii, 307 s. faksim., ilustr., noty 26 cm |
| Published: |
Cambridge
Cambridge University Press
2014
|
| ISBN: | 9781107039087 |
| Edition: | 1. vyd. |
| Subjects: |
MARC
| LEADER | 00000cam a2200000 a 4500 | ||
|---|---|---|---|
| 001 | vtls011559868 | ||
| 003 | SK-MaSNL | ||
| 005 | 20260426012659.0 | ||
| 008 | 240318s2014 xxkhag n 001 0 eng | ||
| 020 | |a 9781107039087 |q (viazané) | ||
| 040 | |a SNK |b slo |c SNK |e AACR2 | ||
| 041 | 0 | |a eng |a ita |a ger |a fre | |
| 043 | |a e-au--- | ||
| 044 | |a xxk |c GB | ||
| 072 | 7 | |a 783 |x Cirkevná hudba. Duchovná hudba. Náboženská hudba |2 konspekt | |
| 080 | |a 783 |2 2011 | ||
| 080 | |a 78 |2 2011 | ||
| 080 | |a (436) |2 2011 | ||
| 080 | |a (436.1) |2 2011 | ||
| 080 | |a 27-523.6-788/-1/-9 |2 2011 | ||
| 080 | |a 32 |2 2011 | ||
| 080 | |a (048.8) |2 2011 | ||
| 100 | 1 | |a Page, Janet K., |d 1957- |4 aut |9 708136 | |
| 245 | 1 | 0 | |a Convent Music and Politics in Eighteenth-Centruy Vienna |c Janet K. Page |
| 250 | |a 1. vyd. | ||
| 260 | |a Cambridge |b Cambridge University Press |c 2014 | ||
| 300 | |a xii, 307 s. |b faksim., ilustr., noty |c 26 cm | ||
| 504 | |a Bibliogr. odkazy ; register | ||
| 546 | |a Čiastočne talianský, nemecký a francúzsky text | ||
| 648 | 7 | |a 18. storočie |2 SNK |9 287325 | |
| 648 | 7 | |a 18th century |2 SNKPHeng |9 305753 | |
| 650 | 0 | 7 | |a cirkevná hudba |2 SNKPH |9 1748 |
| 650 | 0 | 7 | |a hudba |2 SNKPH |9 1063 |
| 650 | 0 | 7 | |a kresťanské kláštory |2 SNKPH |9 83408 |
| 650 | 0 | 7 | |a Church music |2 SNKPHeng |9 270663 |
| 650 | 0 | 7 | |a Music |2 SNKPHeng |9 265352 |
| 650 | 0 | 7 | |a Christian monasteries |2 SNKPHeng |9 433503 |
| 651 | 7 | |a Viedeň (Rakúsko) |2 SNKPH |9 25604 | |
| 651 | 7 | |a Vienna (Austria) |2 SNKPHeng |9 309847 | |
| 655 | 7 | |a monografie |2 SNKPH |9 70139 | |
| 655 | 7 | |a Monographs |2 SNKPHeng |9 120675 | |
| 919 | |a 978-1-107-03908-7 | ||
| 958 | |a NB | ||
| 958 | |a AT | ||
| 999 | |c 1102927 |d 1104857 | ||
| 952 | |t snkPAG 783 |a SNKUST |b SNKUST |y PREZ |7 0 |p 17A1124921 |o snkIB 73117 |i snk2016/15417 |8 3 |g 107.25 |0 0 |1 0 |4 0 |d 2016-06-14 |l 0 |r 2025-04-29 00:00:00 |w 2026-02-24 | ||


